Państwa strefy Schengen - Statystyki

Ogólne statystyki
  • Ten quiz został rozwiązany 116 razy
    109 od ostatniego zresetowania
  • Średni wynik to 22 z 27
Statystyki odpowiedzi
Państwo % Poprawnych
Polska
98%
Hiszpania
91%
Finlandia
89%
Francja
89%
Holandia
89%
Niemcy
89%
Portugalia
89%
Austria
86%
Belgia
86%
Estonia
86%
Litwa
86%
Łotwa
86%
Czechy
84%
Grecja
84%
Norwegia
84%
Szwecja
84%
Chorwacja
82%
Słowacja
82%
Włochy
82%
Dania
80%
Słowenia
80%
Szwajcaria
80%
Węgry
80%
Luksemburg
75%
Islandia
73%
Malta
66%
Liechtenstein
57%
Nie znaleziono quizów pasujących do podanych kryteriów
Rozkład punktacji
Procent ludzi z każdym wynikiem
Percentyl według liczby udzielonych odpowiedzi
Twoja historia wyników
Nie rozwiązałeś tego quizu od ostatniego zresetowania